000
00305nam a22001337a 4500
008
181012b xxu||||| |||| 00| 0 eng d
020
_a
9781506202075
041
_a
eng
080
_a
610.73
100
_a
2
101
_a
INF
245
_a
NCLEX-RN Content Review Guide
_c
KAPLAN Nursing
942
_2
udc
_c
BK
999
_c
49566
_d
49566